000 00341nam a22001457a 4500
008 230524b |||||||| |||| 00| 0 eng d
020 _a9788195917914
100 _aN. Kumar
245 _aConstitutional Law of India
250 _a11th Ed.
260 _aHaryana
_bALA Pub.
_c2022
300 _a1176
546 _aEnglish
942 _2ddc
_cBK
999 _c20050
_d20050